Religion in North Korea - Statistics

General Stats
  • This quiz has been taken 85 times
  • The average score is 3 of 5
Answer Stats
Percent Religion % Correct
1.7% Christianity
97%
4.5% Korean Buddhism
87%
64.3% None
75%
16% Korean Shamanism
26%
13.5% Chondoism
22%
No matching quizzes found
Score Distribution
Percent of People with Each Score
Percentile by Number Answered
Your Score History
You have not taken this quiz